Actors of late 1990s/early 2000s teen movies - Statistics

General Stats
  • This quiz has been taken 49 times
  • The average score is 83 of 292
Answer Stats
Movie Answer % Correct
Coming Soon (2000) | Down to You (2000) | Dude, Where's My Car? (2000) Ashton Kutcher
71%
Scream (1996) | Scream 2 (1997) | Scream 3 (2000) | +2 others Neve Campbell
71%
Cruel Intentions (1999) | I Know What You Did Last Summer (1997) | Scream 2 (1997) Sarah Michelle Gellar
71%
Scream (1996) | Scream 2 (1997) | Scream 3 (2000) Courteney Cox
67%
Never Been Kissed (1999) | Scream (1996) | Scream 2 (1997) | Scream 3 (2000) David Arquette
67%
Cruel Intentions (1999) | Election (1999) Reese Witherspoon
67%
Never Been Kissed (1999) | Scream (1996) Drew Barrymore
62%
Boys and Girls (2000) | Down to You (2000) | I Know What You Did Last Summer (1997) | +3 others Freddie Prinze Jr.
62%
Can't Hardly Wait (1998) | I Know What You Did Last Summer (1997) | I Still Know What You Did Last Summer (1998) Jennifer Love Hewitt
62%
10 Things I Hate About You (1999) | Down to You (2000) | O (2001) | Save the Last Dance (2001) Julia Stiles
57%
All I Wanna Do (1998) | Bring It On (2000) | Crazy/Beautiful (2001) | +4 others Kirsten Dunst
57%
American Pie (1999) | American Pie 2 (2001) | Boys and Girls (2000) | Loser (2000) Jason Biggs
52%
American Pie (1999) | American Pie 2 (2001) | Dude, Where's My Car? (2000) | +2 others Seann William Scott
52%
American Pie (1999) | American Pie 2 (2001) | Boys and Girls (2000) Alyson Hannigan
48%
Scream (1996) | She's All That (1999) | Summer Catch (2001) Matthew Lillard
48%
Dick (1999) | Halloween H20: 20 Years Later (1998) Michelle Williams
48%
Jawbreaker (1999) | Nowhere (1997) | Scream (1996) Rose McGowan
48%
Cruel Intentions (1999) | I Know What You Did Last Summer (1997) | Nowhere (1997) Ryan Philippe
48%
Scream (1996) | The Craft (1996) Skeet Ulrich
48%
American Pie (1999) | American Pie 2 (2001) | Cruel Intentions (1999) | +3 others Tara Reid
48%
The Rules of Attraction (2002) | Varsity Blues (1999) James Van Der Beek
43%
Idle Hands (1999) | Never Been Kissed (1999) Jessica Alba
43%
All I Wanna Do (1998) | Josie and the Pussycats (2000) | She's All That (1999) Rachael Leigh Cook
43%
Drop Dead Gorgeous (1999) | Nowhere (1997) | Wild Things (1998) Denise Richards
38%
Can't Hardly Wait (1998) | Drive Me Crazy (1999) Melissa Joan Hart
38%
Can't Hardly Wait (1998) | Idle Hands (1999) | Josie and the Pussycats (2000) Seth Green
38%
Drive Me Crazy (1999) | Final Destination (2000) | Varsity Blues (1999) Ali Larter
33%
Crossroads (2002) Zoe Saldaña
33%
10 Things I Hate About You (1999) | Bring It On (2000) | She's All That (1999) Gabrielle Union
33%
Halloween H20: 20 Years Later (1998) | Here on Earth (2000) | O (2001) | +2 others Josh Hartnett
33%
Disturbing Behavior (1998) | Go (1999) | Teaching Mrs. Tingle (1999) Katie Holmes
33%
American Pie (1999) | American Pie 2 (2001) | Loser (2000) | +3 others Mena Suvari
33%
She's All That (1999) | The Skulls (2000) | Varsity Blues (1999) Paul Walker
33%
Can't Hardly Wait (1998) | Cruel Intentions (1999) | Save the Last Dance (2001) Sean Patrick Thomas
33%
Center Stage (2000) | Get Over It! (2001) Zoe Saldaña
33%
Cherry Falls (2000) | Drop Dead Gorgeous (1999) | Summer Catch (2001) Brittany Murphy
29%
Final Destination (2000) | Idle Hands (1999) Devon Sawa
29%
American Pie (1999) | American Pie 2 (2001) | The Rage: Carrie 2 (1999) Eddie Kaye Thomas
29%
Summer Catch (2001) | The Rules of Attraction (2002) Jessica Biel
29%
Cruel Intentions (1999) | Gossip (2000) | Scream 2 (1997) | +2 others Joshua Jackson
29%
Jawbreaker (1999) | Scream 2 (1997) | Urban Legend (1998) Rebecca Gayheart
29%
Coming Soon (2000) | Dick (1999) | Van Wilder (2002) Ryan Reynolds
29%
Idle Hands (1999) | Teaching Mrs. Tingle (1999) Vivica A. Fox
29%
American Pie (1999) | American Pie 2 (2001) | Election (1999) | Here on Earth (2000) Chris Klein
24%
Get Over It! (2001) | Whatever It Takes (2000) Colin Hanks
24%
Bring It On (2000) | The New Guy (2002) Eliza Dushku
24%
Never Been Kissed (1999) | Whatever It Takes (2000) James Franco
24%
Romeo + Juliet (1996) | Scream (1996) | Scream 2 (1997) Jamie Kennedy
24%
Halloween H20: 20 Years Later (1998) | She's All That (1999) | Whatever It Takes (2000) Jodi Lyn O'Keefe
24%
10 Things I Hate About You (1999) | Halloween H20: 20 Years Later (1998) Joseph Gordon-Levitt
24%
Down to You (2000) | Josie and the Pussycats (2000) | Light It Up (1999) Rosario Dawson
24%
Can't Hardly Wait (1998) | Cruel Intentions (1999) | Down to You (2000) Selma Blair
24%
A Walk to Remember (2002) | Get Over It! (2001) | Whatever It Takes (2000) Shane West
24%
Cherry Falls (2000) | Josie and the Pussycats (2000) | Summer Catch (2001) Gabriel Mann
19%
Bring It On (2000) | Cherry Falls (2000) | Romeo + Juliet (1996) | Swimfan (2002) Jesse Bradford
19%
200 Cigarettes (1999) | Gossip (2000) Kate Hudson
19%
Here on Earth (2000) | Never Been Kissed (1999) Leelee Sobieski
19%
American Pie (1999) | American Pie 2 (2001) Shannon Elizabeth
19%
Go (1999) | Scream 2 (1997) Timothy Olyphant
19%
Light It Up (1999) | She's All That (1999) | The Faculty (1998) Usher
19%
Van Wilder (2002) | Whatever It Takes (2000) Aaron Paul
14%
Road Trip (2000) | Varsity Blues (1999) Amy Smart
14%
Can't Hardly Wait (1998) | Go (1999) | Josie and the Pussycats (2000) | +2 others Breckin Meyer
14%
American Pie (1999) | American Pie 2 (2001) | Can't Hardly Wait (1998) | +2 others Chris Owen
14%
Cherry Falls (2000) | Road Trip (2000) | The New Guy (2002) DJ Qualls
14%
Can't Hardly Wait (1998) | Disturbing Behavior (1998) Ethan Embry
14%
Disturbing Behavior (1998) | Gossip (2000) | Sugar & Spice (2001) James Marsden
14%
Can't Hardly Wait (1998) | Scream 2 (1997) Jerry O'Connell
14%
Never Been Kissed (1999) | Sugar & Spice (2001) Marley Shelton
14%
American Pie (1999) | American Pie 2 (2001) | Slums of Beverly Hills (1998) Natasha Lyonne
14%
Josie and the Pussycats (2000) | Scream 3 (2000) Parker Posey
14%
Nowhere (1997) | The Craft (1996) Rachel True
14%
10 Things I Hate About You (1999) | Center Stage (2000) | Drive Me Crazy (1999) Susan May Pratt
14%
Crazy/Beautiful (2001) | Crossroads (2002) Taryn Manning
14%
10 Things I Hate About You (1999) | O (2001) Andrew Keegan
10%
Sorority Boys (2002) | Teaching Mrs. Tingle (1999) Barry Watson
10%
She's All That (1999) | The Faculty (1998) Clea DuVall
10%
Can't Hardly Wait (1998) | Josie and the Pussycats (2000) Donald Faison
10%
Go (1999) | Nowhere (1997) James Duval
10%
200 Cigarettes (1999) | Cherry Falls (2000) Jay Mohr
10%
Never Been Kissed (1999) | Nowhere (1997) Jeremy Jordan
10%
American Pie (1999) | American Pie 2 (2001) John Cho
10%
Dude, Where's My Car? (2000) | Sugar & Spice (2001) Marla Sokoloff
10%
I Still Know What You Did Last Summer (1998) | O (2001) Mekhi Phifer
10%
Sorority Boys (2002) | Urban Legend (1998) Michael Rosenbaum
10%
Road Trip (2000) | Sugar & Spice (2001) | The Rage: Carrie 2 (1999) Rachel Blanchard
10%
Nowhere (1997) | Varsity Blues (1999) Scott Caan
10%
10 Things I Hate About You (1999) | Slums of Beverly Hills (1998) David Krumholtz
5%
Idle Hands (1999) | O (2001) | She's All That (1999) Elden Henson
5%
200 Cigarettes (1999) | All I Wanna Do (1998) | Coming Soon (2000) Gaby Hoffmann
5%
Nowhere (1997) | Scream 2 (1997) Heather Graham
5%
All I Wanna Do (1998) | Scream 3 (2000) | Sorority Boys (2002) Heather Matarazzo
5%
Never Been Kissed (1999) | Nowhere (1997) Jordan Ladd
5%
Scream (1996) | Scream 2 (1997) | Scream 3 (2000) Liev Schreiber
5%
Get Over It! (2001) | Sorority Boys (2002) Melissa Sagemiller
5%
Down to You (2000) | The Faculty (1998) Shawn Hatosy
5%
American Pie (1999) | American Pie 2 (2001) | The Rules of Attraction (2002) Thomas Ian Nicholas
5%
Boys and Girls (2000) | Final Destination (2000) Amanda Detmer
0%
Final Destination (2000) | Never Been Kissed (1999) Brendan Fehr
0%
A Walk to Remember (2002) | Swimfan (2002) Clayne Crawford
0%
Light It Up (1999) | Save the Last Dance (2001) Fredro Starr
0%
All I Wanna Do (1998) | The Virgin Suicides (1999) Hayden Christensen
0%
The Rules of Attraction (2002) | Whatever It Takes (2000) Kip Pardue
0%
Gossip (2000) | Teaching Mrs. Tingle (1999) Marisa Coughlan
0%
Bring It On (2000) | Can't Hardly Wait (1998) Nicole Bilderback
0%
Loser (2000) Zak Orth
0%
No matching quizzes found
Score Distribution
Percent of People with Each Score
Percentile by Number Answered
Your Score History
You have not taken this quiz